LEADER 01250nam a2200349 i 4500 001 991000828059707536 005 20020507174115.0 008 010202s|||| us ||| | eng 020 $a0821820559 035 $ab10762838-39ule_inst 035 $aLE01302926$9ExL 040 $aDip.to Matematica$beng 082 0 $a516.373 084 $aAMS 53C27 084 $aAMS 57R57 084 $aAMS 58J 084 $aQA649.F68513 100 1 $aFriedrich, Thomas$0352604 245 10$aDirac operators in Riemannian geometry /$cThomas Friedrich ; translated by Andreas Nestke 260 $aProvidence, R.I. :$bAmerican Mathematical Society,$cc2000 300 $axvi, 195 p. :$bill. ;$c26 cm 490 0 $aGraduate studies in mathematics,$x1065-7339 ;$v25 500 $aIncludes bibliographical references and index 650 0$aDirac equation 650 0$aRiemannian geometry 700 1 $aNestke, Andreas 907 $a.b10762838$b23-02-17$c28-06-02 912 $a991000828059707536 945 $aLE013 58J FRI11 (2000)$g1$i2013000125619$lle013$o-$pE0.00$q-$rl$s- $t0$u2$v0$w2$x0$y.i10858271$z28-06-02 996 $aDirac operators in Riemannian geometry$9376879 997 $aUNISALENTO 998 $ale013$b01-01-01$cm$da $e-$feng$gus $h0$i1 LEADER 03025nam 2200745 450 001 9910807289403321 005 20240131171713.0 010 $a84-9180-495-1 010 $a84-9180-494-3 035 $a(CKB)4100000009152033 035 $a(MiAaPQ)EBC5885396 035 $a(OCoLC)1126311101 035 $a(FINmELB)ELB117489 035 $a(MiAaPQ)EBC7051981 035 $a(Au-PeEL)EBL7051981 035 $a(EXLCZ)994100000009152033 100 $a20191010d2019 uy 0 101 0 $aspa 135 $aurcnu|||||||| 181 $ctxt$2rdamedia/spa 182 $cc$2rdamedia/spa 183 $2rdacarrier/spa 200 10$aHacia una comunicacio?n feminista$b[recurso electrónico]$eco?mo informar e informarse sobre violencia machista /$fAna Bernal-Trivin?o ; pro?logo de Ana de Miguel ; prefacio de Ana Pardo de Vera 205 $aPrimera edicio?n en lengua castellana. 210 1$aBarcelona :$cEditorial UOC,$d2019. 215 $a1 recurso en li?nea (206 pa?ginas) 225 1 $aComunicacio?n ;$v627 311 $a84-9180-487-0 330 $aEl periodismo no puede dejar al margen la realidad de la mitad de la población. La veracidad y la honestidad deben ser prioritarias en las violencias machistas, pero también es fundamental que la sociedad identifique cuándo los medios lo hacen mal e impida, así, que el discurso machista continúe. Si existe un compromiso de tolerancia cero con el maltrato, toda la ciudadanía debe sumarse. Este libro ofrece las claves de los derechos de la mujer, el papel de los medios y sus errores más comunes, y ayuda a comprender los procesos que sufren las mujeres que padecen esta violencia. 410 0$aManuales (Universitat Oberta de Catalunya).$pComunicacio?n ;$v627. 517 1 $aCo?mo informar e informarse sobre violencia machista 606 $aViolencia contra las mujeres$2EMBUS 606 $aMujeres víctimas de violencia$2EMBUS 606 $aFeminismo$2EMBUS 606 $aComunicación$2EMBUS 606 $aMedios de comunicacio?n de masas$2EMBUS 606 $aFeminismo 606 $aFeminism 606 $aComunicacio?n 606 $aCommunication 606 $aMedios de comunicacio?n de masas 606 $aMass media 608 $aLibros electronicos. 615 07$aViolencia contra las mujeres 615 07$aMujeres víctimas de violencia 615 07$aFeminismo 615 07$aComunicación 615 07$aMedios de comunicacio?n de masas. 615 4$aFeminismo. 615 0$aFeminism. 615 4$aComunicacio?n. 615 0$aCommunication. 615 4$aMedios de comunicacio?n de masas. 615 0$aMass media. 676 $a305.42 700 $aBernal Trivin?o$b Ana Isabel$01705802 701 $aPardo de Vera$b Ana$01705803 702 $aMiguel A?lvarez$b Ana de 801 0$bFINmELB 801 1$bFINmELB 801 2$bBUS 906 $aBOOK 912 $a9910807289403321 996 $aHacia una comunicacio?n feminista$94092804 997 $aUNINA